| 000 | 00492nam a22001697a 4500 | ||
|---|---|---|---|
| 003 | OSt | ||
| 005 | 20211230154932.0 | ||
| 008 | 211230b |||||||| |||| 00| 0 eng d | ||
| 020 | _a0198283814 | ||
| 040 | _cHU | ||
| 082 | _a330.015118 | ||
| 100 |
_aKreps, David M. _924921 |
||
| 245 |
_aGame theory and economic modelling _cDavid M.Kreps |
||
| 260 |
_a Oxford : Clarendon Press ; New York : _b Oxford University Press, 1990. |
||
| 300 |
_aviii, 195 pages : _c 23 cm |
||
| 942 |
_2ddc _cBOOKS _n0 |
||
| 999 |
_c25351 _d25351 |
||